Feeding and feed management of Indian major carps in Andhra Pradesh, India / (Record no. 20928)

000 -LEADER
fixed length control field 00702cam a22002297i 4500
020 ## - INTERNATIONAL STANDARD BOOK NUMBER
ISBN 9789251074350 (print)
020 ## - INTERNATIONAL STANDARD BOOK NUMBER
ISBN 9251074356 (print)
022 ## - INTERNATIONAL STANDARD SERIAL NUMBER
ISSN 20707010
040 ## - CATALOGING SOURCE
Transcribing agency UKMGB
082 04 - DEWEY DECIMAL CLASSIFICATION NUMBER
Classification number 639 FEE 2013 A006 Or.
100 1# - MAIN ENTRY--AUTHOR NAME
Personal name Ramakrishna, R.
245 10 - TITLE STATEMENT
Title Feeding and feed management of Indian major carps in Andhra Pradesh, India /
300 ## - PHYSICAL DESCRIPTION
Number of Pages vii, 90 pages :
Other physical details illustrations, maps ;
Dimensions 30 cm.
490 0# - SERIES STATEMENT
Series statement FAO fisheries and aquaculture technical paper,
650 #0 - SUBJECT ADDED ENTRY--TOPICAL TERM
Topical Term Carp
650 #0 - SUBJECT ADDED ENTRY--TOPICAL TERM
Topical Term Carp
650 #0 - SUBJECT ADDED ENTRY--TOPICAL TERM
Topical Term Carp fishing
700 1# - ADDED ENTRY--PERSONAL NAME
Personal name Shipton, Thomas A.,
700 1# - ADDED ENTRY--PERSONAL NAME
Personal name Hasan, Mohammad R.,
710 2# - ADDED ENTRY--CORPORATE NAME
Corporate name or jurisdiction name as entry element Food and Agriculture Organization of the United Nations,
942 ## - ADDED ENTRY ELEMENTS (KOHA)
Koha item type ADB
952 ## - LOCATION AND ITEM INFORMATION (KOHA)
Withdrawn status [LOCAL, KOHA] 0
Holdings
Permanent Location Date acquired Koha item type Lost status Shelving location Barcode Current Location Full call number
Library Block A2023-01-16ADB A042a071076Library Block A639 FEE 2013 A042 Or.
មជ្ឈមណ្ឌលឯការនៃសាកលវិទ្យាល័យភូមិន្ទកសិកម្មចំការដូង

Powered by Koha